| 000 | 01308cam a22003012 4500 | ||
|---|---|---|---|
| 001 | 19803 | ||
| 003 | BD-RjUL | ||
| 005 | 20211209000459.0 | ||
| 008 | 140225s1964 nyua b 000 0 eng d | ||
| 035 |
_aOCLC ocm01370362 from D970701M _a(BD-RjUL)19864 |
||
| 040 |
_aDLC _cBOS _dOCL _dSER _dUKM _dBD-RjUL _beng |
||
| 041 | 1 | _aengrus | |
| 082 |
_a621.815 _bPRO 1964 |
||
| 110 | 2 |
_aInstitut mashinovedenii͡a (Akademii͡a nauk SSSR) _960841 |
|
| 245 | 1 | 0 |
_aProblems of the design and accuracy of complex continuous-action devices and computer mechanisms / _cEdited by N.G. Bruyevich. Translated by Gerald Segal. English translation editor: A.M. Andrew. |
| 260 |
_aNew York : _bPergamon Press; [distributed in the Western Hemisphere by Macmillan, New York], _cc1964. |
||
| 300 |
_axi, 264 p. : _bdiagrs., tables. ; _c24 cm. |
||
| 490 | 1 |
_aInternational tracts in computer science and technology and their application, _vv. 8 |
|
| 504 | _aIncludes bibliographies. | ||
| 650 | 0 |
_aMachinery. _960837 |
|
| 650 | 0 |
_aCalculators. _960838 |
|
| 830 | 0 |
_vv. 8 _960842 |
|
| 700 | 1 |
_aBruevich, N. G. _q(Nikolaĭ Grigorʹevich), _d1896- _960840 |
|
| 830 | 0 |
_aInternational tracts in computer science and technology and their application, _920665 |
|
| 942 |
_2ddc _cBK |
||
| 999 |
_c19803 _d19803 |
||